000 00573nam a22001817a 4500
005 20231114130549.0
008 231114b |||||||| |||| 00| 0 eng d
020 _a0702107921
041 _aEnglish
082 _a344.6 MCK
100 _aMcKenzie, HS
_lEnglish
245 _aThe Law of Building Contracts and Arbitration in South Africa /
_cHS McKenzie
250 _aThird Edition
260 _aCape Town :
_bJuta and Company Ltd,
_c1977
300 _bxxix, 281 pages ;
_c26 cm.
650 _aLegal practice
_bLaw
942 _cBK
_6ALISON_BN_VRIES
999 _c631
_d631